Normal view
MARC view
- الاقتصاد -- معاجم -- اللغة الإنجليزية -- الاقتصاد -- معاجم -- اللغة العربية -- المحاسبة -- معاجم -- اللغة الإنجليزية -- الإدارة -- معاجم -- اللغة الإنجليزية
Entry Topical Term
001 - CONTROL NUMBER
- control field: 29653
003 - CONTROL NUMBER IDENTIFIER
- control field: JO-AjAnu
005 - DATE AND TIME OF LATEST TRANSACTION
- control field: 20230606075018.0
008 - FIXED-LENGTH DATA ELEMENTS
- fixed length control field: 230606|| aca||aabn | a|a d
040 ## - CATALOGING SOURCE
- Original cataloging agency: JO-AjAnu
- Transcribing agency: JO-AjAnu
150 ## - HEADING--TOPICAL TERM
- Topical term or geographic name entry element: الاقتصاد -- معاجم -- اللغة الإنجليزية -- الاقتصاد -- معاجم -- اللغة العربية -- المحاسبة -- معاجم -- اللغة الإنجليزية -- الإدارة -- معاجم -- اللغة الإنجليزية
670 ## - SOURCE DATA FOUND
- Source citation: Work cat.: (JO-AjAnu)15226: العلاونة ، إسماعيل مصطفى, author 29652, قاموس الوطن : الاقتصاد و المحاسبة و العلوم الإدارية إنجليزي - عربي